| 000 | 00670ntaaa2200241 4500 | ||
|---|---|---|---|
| 003 | 01 | ||
| 005 | 20251027203225.0 | ||
| 008 | 0714s1973 ag 01 | ||
| 020 | _a987557046X | ||
| 040 |
_aAR-BaBN _bspa _cAR-BaBN _eaacr _dRIC |
||
| 082 | _a262 N16 | ||
| 100 |
_aNappa, Mike _934396 |
||
| 245 |
_a¿Quién se llevó mi Iglesia? / _cMike Nappa, traducido por Beatriz Sesoldi |
||
| 250 | _a1ª ed. | ||
| 260 |
_aBuenos Aires : _bPeniel, _c2004 |
||
| 300 |
_a125 p ; _cIlust, 21 cm |
||
| 500 | _aWho Moved my Church | ||
| 650 | _aIGLESIA | ||
| 650 |
_aNARRATIVA _934397 |
||
| 650 |
_aPRINCIPIOS _934398 |
||
| 700 |
_aSesoldi, Beatriz _etraductor _934399 |
||
| 942 | _cBK | ||
| 999 |
_c27703 _d27703 |
||